Advances in fisheries economics : (Record no. 1151)

MARC details
000 -LEADER
fixed length control field 01466nam a22003257a 4500
005 - DATE AND TIME OF LATEST TRANSACTION
control field 20240503103935.0
008 - FIXED-LENGTH DATA ELEMENTS--GENERAL INFORMATION
fixed length control field 240503b |||||||| |||| 00| 0 eng d
020 ## - INTERNATIONAL STANDARD BOOK NUMBER
International Standard Book Number 1405141611 (hardback : alk. paper)
020 ## - INTERNATIONAL STANDARD BOOK NUMBER
International Standard Book Number 9781405141611 (hardback : alk. paper)
035 ## - SYSTEM CONTROL NUMBER
System control number (OCoLC)ocm71266416
035 ## - SYSTEM CONTROL NUMBER
System control number (OCoLC)71266416
040 ## - CATALOGING SOURCE
Original cataloging agency DLC
Transcribing agency KMU
Modifying agency BAKER
-- UKM
-- C#P
-- YDXCP
-- AGL
-- BWK
-- KMU
050 00 - LIBRARY OF CONGRESS CALL NUMBER
Classification number SH334 Adv
245 00 - TITLE STATEMENT
Title Advances in fisheries economics :
Remainder of title festschrift in honour of Professor Gordon R. Munro /
Statement of responsibility, etc. edited by Trond Bjørndal ... [et al.].
260 ## - PUBLICATION, DISTRIBUTION, ETC.
Place of publication, distribution, etc. Oxford ;
-- Ames, Iowa :
Name of publisher, distributor, etc. Blackwell Pub.,
Date of publication, distribution, etc. 2007.
300 ## - PHYSICAL DESCRIPTION
Extent xi, 308 p. :
Other physical details ill., maps ;
Dimensions 26 cm.
504 ## - BIBLIOGRAPHY, ETC. NOTE
Bibliography, etc. note Includes bibliographical references and index.
650 #0 - SUBJECT ADDED ENTRY--TOPICAL TERM
Topical term or geographic name entry element Fisheries
General subdivision Economic aspects.
650 #0 - SUBJECT ADDED ENTRY--TOPICAL TERM
Topical term or geographic name entry element Fishery management.
653 1# - INDEX TERM--UNCONTROLLED
Uncontrolled term Munro
653 2# - INDEX TERM--UNCONTROLLED
Uncontrolled term Fisheries economics
700 1# - ADDED ENTRY--PERSONAL NAME
Personal name Bjørndal, Trond,
Dates associated with a name 1953-
700 1# - ADDED ENTRY--PERSONAL NAME
Personal name Monroe, Gordon R.
Fuller form of name (Gordon Ross),
Dates associated with a name 1934-
856 41 - ELECTRONIC LOCATION AND ACCESS
Materials specified Table of contents only
Uniform Resource Identifier <a href="http://www.loc.gov/catdir/toc/ecip0620/2006028426.html">http://www.loc.gov/catdir/toc/ecip0620/2006028426.html</a>
856 42 - ELECTRONIC LOCATION AND ACCESS
Materials specified Contributor biographical information
Uniform Resource Identifier <a href="http://www.loc.gov/catdir/enhancements/fy0802/2006028426-b.html">http://www.loc.gov/catdir/enhancements/fy0802/2006028426-b.html</a>
856 42 - ELECTRONIC LOCATION AND ACCESS
Materials specified Publisher description
Uniform Resource Identifier <a href="http://www.loc.gov/catdir/enhancements/fy0802/2006028426-d.html">http://www.loc.gov/catdir/enhancements/fy0802/2006028426-d.html</a>
906 ## - LOCAL DATA ELEMENT F, LDF (RLIN)
a 7
b cbc
c orignew
d 1
e ecip
f 20
g y-gencatlg
942 ## - ADDED ENTRY ELEMENTS (KOHA)
Source of classification or shelving scheme Library of Congress Classification
Koha item type Non-Fiction
Suppress in OPAC No
Holdings
Withdrawn status Lost status Source of classification or shelving scheme Damaged status Not for loan Collection Home library Current library Shelving location Date acquired Source of acquisition Total Checkouts Full call number Barcode Date last seen Date last checked out Price effective from Koha item type
    Library of Congress Classification     Non-fiction Kapasa Makasa University Kapasa Makasa University Open Access 03.05.2024 Book Aid 1 SH 334 Adv 741379 19.02.2025 07.02.2025 03.05.2024 Non-Fiction